• 首页
  • 本馆介绍
  • 公告通知
  • 最新文献
  • 馆藏检索
  • 电子资源
  • 读者导购
  • 参考咨询
  • 我的图书馆
  • 登录
  • 详细信息显示
  • 放入我的书架
  • 预约/预借图书
  • 作者相关作品
  • 分类相关作品
  • 丛书相关作品
  • 出版社相关作品

书目信息

  • 表格格式
  • 工作单格式
  • 卡片格式
题名:
中国博物馆指南
    
 
作者: 黎先耀 主编 ;张秋英 编写
分册:  
出版信息: 北京   中国旅游出版社  1988.10
页数: 595页
开本: 20cm
丛书名:
单 册:
中图分类: G269.2 , G260.8
科图分类:
主题词: 博物馆--中国--概况
电子资源:
ISBN: 7-5032-0130-4
000 00892nam0 2200265 45
001 0189027411
005 20061026095029.84
010    @a7-5032-0130-4@dCNY7.00
020    @aCN@b89027411
100    @a19911017d1988 m y0chiy0120 ea
101 0  @achi
102    @aCN@b110000
105    @af z 000yy
200 10 @a中国博物馆指南@Azhong guo bo wu guan zhi nan@f黎先耀主编@Fli xian yao zhu bian@g张秋英等编写
210    @a北京@c中国旅游出版社@d1988.10
215    @a595页@c照片@d20cm
330    @a本书介绍了全国各地的主要博物馆(包括具有博物馆性质的文物保护单位和动、植物园及自然保护区)300多座。
540 1  @a中国 博物馆 指南@Azhong guo bo wu guan zhi nan
606    @a博物馆@y中国@x概况
690    @aG269.2@v1980
690    @aG260.8@v3
701  0 @a黎先耀@Ali xian yao@4主编
702  0 @a张秋英@Azhang qiu ying@4编写
801  0 @aCN@bTSSF@c20061026
905    @a10447@dG260.8@e8
    
    中国博物馆指南/黎先耀主编/张秋英等编写.-北京:中国旅游出版社,1988.10
    595页:照片;20cm
    
    
    ISBN 7-5032-0130-4:CNY7.00
    本书介绍了全国各地的主要博物馆(包括具有博物馆性质的文物保护单位和动、植物园及自然保护区)300多座。
●
相关链接 在E读中查询图书 在五车中查询图书 在当当中查询图书 在豆瓣中查询图书


正题名:中国博物馆指南     索取号:G260.8/8         预约/预借

序号 登录号 条形码 馆藏地/架位号 状态 备注
1 0217082   000990681   第一样本阅览室/ [索取号:G260.8/8] 在馆    
唐山师范学院图书馆 欢迎您!
大连网信软件有限公司© 版权所有